Представление документа в формате MARC21

Поле Инд. ПП Название Значение
Тип записи a
Библиографический уровень m
001 Контрольный номер RU/IS/BASE/415285073
005 Дата корректировки 20140123210936.6
040 a Служба первич. каталог. НБ ТвГУ
b Код языка каталог. rus
e Правила каталог. PSBO
041 0_ a Код языка текста lat
h Код языка оригинала grc
084 a Индекс другой классификации/Индекс ББК Т3(0)322.0
090 a Полочн. индекс 9(35)
x Авторский знак A 79
100 1_ a Автор Arrianus Flavius
d Дата 95-175
q Полное имя Arriani
245 10 a Заглавие Arriani Anabasis
c Ответственность recogn. Carolus Abicht
246 00 a Другая форма заглавия Anabasis
260 a Место издания Lipsiae
b Издательство in aedibus B. G. Teubneri
c Дата издания 1886
300 a Объем XV, 366 p.
440 _0 a Серия Bibliotheca scriptorum Graecorum et Romanorum Teubneriana
653 1_ a Ключевые слова Александр Великий
a Ключевые слова Александр Македонский, о нем
a Ключевые слова Античный мир
a Ключевые слова Древний мир
a Ключевые слова История Древнего мира
a Ключевые слова Походы Александра Македонского
a Ключевые слова Эллинизм
700 1_ a Другие авторы Abicht, Karl Ernst
e Роль лиц recogn.
901 t Тип документа m
920 a Оператор Суха
930 a Новая/Ретро иностр
a Новая/Ретро латин
954 a Дата поступления на обработку 20130227